Análisis y diseño del sistema de información para la toma de decisiones en la dirección del Hospital Nacional de Niños Dr. Carlos Saenz Herrera"
Bewaard in:
| Hoofdauteur: | |
|---|---|
| Formaat: | Thesis Boek |
| Gepubliceerd in: |
[San José , Costa Rica]
1975
|
| Tags: |
Voeg label toe
Geen labels, Wees de eerste die dit record labelt!
|
MARC
| LEADER | 00000nam a2200000Ia 4500 | ||
|---|---|---|---|
| 003 | 007083 | ||
| 005 | 20221231144312.0 | ||
| 008 | 140114s1975 cr a m 000 ||s d | ||
| 040 | |c cru CEDI | ||
| 090 | |a TFG 2842 | ||
| 100 | |a Porras M., Jorge Guillermo |9 11901 | ||
| 245 | |a Análisis y diseño del sistema de información para la toma de decisiones en la dirección del Hospital Nacional de Niños Dr. Carlos Saenz Herrera" | ||
| 260 | |c 1975 |a [San José , Costa Rica] | ||
| 300 | |a 92 hojas : ilustraciones | ||
| 500 | |a Proyecto de graduación. Universidad de Costa Rica. Facultad de Ingeniería. Escuela de Ingeniería Industrial. | ||
| 502 | |a Escuela de ingenieria Industrial | ||
| 942 | |c TFG | ||
| 999 | |c 19839 |d 19839 | ||
